Die größten Wüsten der Welt - Statistiken

Allgemein
  • Dieses Quiz wurde 219 mal gespielt
  • Das Durchschnittsergebnis liegt bei 4 aus 10
Antwortstatistiken
Hint Antwort % Korrekt
9.200.000 km² Sahara
100%
1.295.000 km² Gobi
89%
14.200.000 km² Antarktis
72%
4.000.000 bis 13.900.000 km² Arktis
51%
900.000 km² Kalahari
35%
2.330.000 km² Große Arabische Wüste
8%
362.000 km² Chihuahua Wüste
2%
350.000 km² Karakum
2%
673.000 km² Patagonische Steppe
1%
500.000 km² Syrische Wüste
1%
Keine übereinstimmenden Quizze gefunden
Verteilung der Resultate
Anzahl Personen mit jedem Resultat
Perzentil nach korrekt beantworteten Fragen
Ihre Resultats-Entwicklung
Sie haben dieses Quiz noch nicht gespielt